000 00784nam a2200265Ia 4500
003 OSt
005 20220918173828.0
006 a|||||r|||| 00| 0
007 ta
008 220917b |||||||| |||| 00| 0 eng d
024 _a8,558
037 _cTextual
040 _aARTS
_cARTS
_beng
041 _2eng
_aeng
082 _aD65,8(2:55), M4 (2)
100 _aHoughton Bernard
_92348
245 0 _aOn line information retrieval systems
_b An introductory mannual to principles and practice
250 _a2nd
260 _aLondon
_bClive Bingley
_c1984
300 _a205[ Bib
_ccm.
650 _aENGINEERING
_92968
700 _a Convey John.
_947705
942 _hD65,8(2:55), M4 (2)
_cTEXL
_2CC
999 _c150316
_d150316